00795 a2200241 4500502002400000260001500024653001400039100001900053041000700072260003100079300001100110245007800121300002900199260002200228130000700250040001400257041000700271653003900278100008900317020001800406999001700424952011200441 aThèse de Doctorat aWageningen1 aAgronomie aHOUBIERS, M.C. bEn bUniversité de Wageningen a118 p. aThe membrane-bound form of gene 9 minor coat protein of bacteriophage M13 bIll., Couv. ill. ; 24 cm c30 Septembre 2002 lEn aSupport  bEn 1aNutrition et Sciences Alimentaires uAbomey-Calavi, Université d'Abomey-Calavi, Faculté des Sciences Agronomiques, Bj a90-5808-692-5 c31805d31805 00104070aBIDOCbBIDOCd2008-05-08l0oT.NSA.2002.008r2009-02-28 00:00:00t01w2009-02-28yLIVRzA.11118